<?xml version="1.0" encoding="UTF-8"?>
<collection xmlns="http://www.loc.gov/MARC21/slim">
 <record>
  <leader>00822cam a2200253 7i4500</leader>
  <controlfield tag="001">0000001694</controlfield>
  <controlfield tag="005">20150325090000.0</controlfield>
  <controlfield tag="003">  iicp-my</controlfield>
  <controlfield tag="005">  20021204212700.0</controlfield>
  <controlfield tag="008">000000                       00         </controlfield>
  <datafield tag="020" ind1=" " ind2=" ">
   <subfield code="a">1000007886 </subfield>
  </datafield>
  <datafield tag="039" ind1=" " ind2="9">
   <subfield code="y">200212042127</subfield>
   <subfield code="z">VLOAD</subfield>
  </datafield>
  <datafield tag="090" ind1="0" ind2="0">
   <subfield code="a">909.08 </subfield>
   <subfield code="b">CON</subfield>
  </datafield>
  <datafield tag="100" ind1=" " ind2=" ">
   <subfield code="a">Condon, Christopher </subfield>
  </datafield>
  <datafield tag="245" ind1="0" ind2="0">
   <subfield code="a">The making of the modern world  </subfield>
   <subfield code="c">Christopher Condon..</subfield>
  </datafield>
  <datafield tag="260" ind1=" " ind2=" ">
   <subfield code="a">South Melbourne: </subfield>
   <subfield code="b">Macmillan Education Australia, </subfield>
   <subfield code="c">1995..</subfield>
  </datafield>
  <datafield tag="300" ind1=" " ind2=" ">
   <subfield code="a">xii, 548 p.: </subfield>
   <subfield code="b">ill.; </subfield>
   <subfield code="c">26 cm..</subfield>
  </datafield>
  <datafield tag="500" ind1=" " ind2=" ">
   <subfield code="a">Includes index</subfield>
  </datafield>
  <datafield tag="650" ind1=" " ind2="0">
   <subfield code="a">History, Modern -- </subfield>
   <subfield code="y">20th century. </subfield>
  </datafield>
  <datafield tag="650" ind1=" " ind2="0">
   <subfield code="a">History, Modern -- </subfield>
   <subfield code="y">19th century. </subfield>
  </datafield>
  <datafield tag="999" ind1=" " ind2=" ">
   <subfield code="a">1000000236</subfield>
   <subfield code="b">Book</subfield>
   <subfield code="c">White Spot</subfield>
  </datafield>
  <datafield tag="999" ind1=" " ind2=" ">
   <subfield code="a">1000000237</subfield>
   <subfield code="b">Book</subfield>
   <subfield code="c">Open Shelf</subfield>
  </datafield>
  <datafield tag="999" ind1=" " ind2=" ">
   <subfield code="a">1000001872</subfield>
   <subfield code="b">Book</subfield>
   <subfield code="c">White Spot</subfield>
  </datafield>
  <datafield tag="999" ind1=" " ind2=" ">
   <subfield code="a">1000007886</subfield>
   <subfield code="b">Book</subfield>
   <subfield code="c">White Spot</subfield>
  </datafield>
 </record>
</collection>
